Philosophies and Cultures /

Αποθηκεύτηκε σε:
Λεπτομέρειες βιβλιογραφικής εγγραφής
Κύριος συγγραφέας: Copleston, Frederick C. (autor)
Μορφή: Βιβλίο
Γλώσσα:Αγγλικά
Έκδοση: Oxford, Inglaterra : Oxford University, 1980, c1980
Θέματα:
Ετικέτες: Προσθήκη ετικέτας
Δεν υπάρχουν, Καταχωρήστε ετικέτα πρώτοι!

MARC

LEADER 00000nam^a2200000^a^4500
001 000187989
005 20250521000000.0
009 20260310102321.269
020 |a 0-19-213960-6 
037 |a Acervo ITESO - Biblioteca 
041 |a ING 
082 |a 290.  |b COP 
100 |a Copleston, Frederick C.  |e (autor) 
240 1 1 |a [Filosofías y culturas] 
245 1 0 |a Philosophies and Cultures /  |c F.C. Copleston. 
264 4 |a Oxford, Inglaterra :  |b Oxford University,  |c 1980, c1980 
300 |a X, 198 p. 
336 |a texto  |b txt  |2 rdacontenido 
337 |a sin mediación  |b n  |2 rdamedio 
338 |a volumen  |b nc  |2 rdasoporte 
649 |a XX 
650 |a Filosofía China -  |x Historia y Crítica 
650 |a Filosofía Hindú -  |x Historia y Crítica 
650 |a Filosofías Orientales -  |x Historia y Crítica 
650 |a Filosofía Comparada 
650 |a Filosofía y Religión -  |z China 
650 |a Filosofía y Religión -  |z India 
910 |a Fondo General 
920 |a Impresos - Libros 
930 |a Colección General 
905 |a 101 
901 |a 0500130485  |b IT1  |c ACC  |u 20250521 
902 |a https://opac.biblio.iteso.mx/vufind/Record/000187989